| 000 | 00785nam a2200217 a 4500 | ||
|---|---|---|---|
| 001 | BRCA_1662 | ||
| 005 | 20190320203509.0 | ||
| 008 | 051117s2006 nyua---##b---#000-0#eng-# | ||
| 020 | _a9780939896257 | ||
| 040 |
_aDLC _cDLC _dDLC |
||
| 050 | 4 |
_aND1460.V35 _b.K45 2006 |
|
| 100 | 1 |
_aKelly, Raymond J. _95180 |
|
| 245 | 1 | 0 |
_aTo Be, Or Not To Be _bFour Hundred Years of Vanitas Painting _cRaymond J. Kelly. |
| 260 |
_aMichigan, E.U. _bFlint Institute of Arts _cc2006 |
||
| 300 |
_a122 p. _bil. a color _c27 cm. |
||
| 500 | _aCatálogo de la exposición realizada en Flint Institute of Arts (Michigan, E.U.), 2006 | ||
| 504 | _aBibliografía : p. 119-122 | ||
| 650 | 1 | 4 |
_aVanitas _vExposiciones _zHolanda _95181 |
| 650 | 1 | 4 |
_aPintura moderna _vExposiciones _ySiglo XVII _95182 |
| 942 |
_2lcc _cB |
||
| 999 |
_c1458 _d1458 |
||